Pays plus hauts que larges - Statistiques

Statistiques générales
  • Ce quiz a été pris 15 555 fois
  • Le résultat moyen est 9 sur 20
Statistiques - réponses
Ratio Continent Pays % Correct
3.73 Amérique du Sud Chili
98%
2.47 Europe Suède
71%
2.07 Amérique du Sud Argentine
69%
2.07 Europe Finlande
66%
2.54 Europe Portugal
65%
3.23 Afrique Togo
53%
2.26 Afrique Benin
48%
2.33 Europe Albanie
42%
2.15 Afrique Tunisie
39%
2.00 Afrique Madagascar
38%
1.65 Amérique du Sud Guyana
37%
2.27 Asie Israël
37%
2.27 Afrique Malawi
37%
2.49 Amérique du Nord Belize
36%
1.73 Asie Birmanie
32%
1.61 Afrique Tchad
30%
1.83 Asie Philippines
27%
1.95 Asie Taïwan
27%
2.07 Asie Qatar
24%
1.72 Asie Sri Lanka
24%
Aucun quiz correspondant
Distribution des résultats
% des personnes avec chaque résultat
Percentile par nombre de réponses
Votre historique - résultats
Vous n’avez pas pris ce quiz